Geschichte Multiple Choice #2 - Statistiken

Allgemein
  • Dieses Quiz wurde 2.223 mal gespielt
  • Das Durchschnittsergebnis liegt bei 9 aus 15
Antwortstatistiken
Frage Antwort % Korrekt
Was war die Hauptstadt des Byzantinischen Reiches? Konstantinopel
84%
Welches war das erste Tier im Erdorbit? Laika, der Hund
80%
Was war das Tunguska-Ereignis von 1908? Eine riesige Explosion in Sibirien, wahrscheinlich durch einen Meteor verursacht
77%
Was tat Abraham Lincoln, als er 1865 ermordet wurde? Ein Theaterstück in Fords Theater ansehen
74%
Was war ein Dreadnought? Ein Typ von Schlachtschiff
74%
Wofür wurde der Taj Mahal ursprünglich erbaut? Mausoleum
67%
Welches Land war früher als Südrhodesien bekannt? Simbabwe
64%
Was war zuerst da? Altsteinzeit
63%
Trinken die Franzosen heute mehr oder weniger Wein als vor 50 Jahren? Weniger
63%
Welche dieser Pflanzen stammt NICHT aus der Neuen Welt? Hanf
56%
Was hat Costa Rica 1949 abgeschafft? Sein Militär
46%
Was zwang die Qing-Dynastie alle Männer zu tun, als sie China im 17. Jahrhundert übernahm? Eine bestimmte Frisur tragen
44%
Wo verbrachte Karl Marx den größten Teil seines Erwachsenenlebens? London
39%
Wer stellte die Theorie auf, dass mit steigendem Nahrungsangebot auch die Bevölkerung wächst, sodass die meisten Menschen arm bleiben? Thomas Robert Malthus
20%
Welche Dekade wurde in Amerika als "gay" und in Großbritannien als "naughty" bezeichnet? 1890er Jahre
15%
Keine übereinstimmenden Quizze gefunden
Verteilung der Resultate
Anzahl Personen mit jedem Resultat
Perzentil nach korrekt beantworteten Fragen
Ihre Resultats-Entwicklung
Sie haben dieses Quiz noch nicht gespielt